000 00683nam a2200289Ia 4500
005 20260324112625.0
008 008 260324s9999 xx 000 0 eng d
020 _a9781032620220
037 _aEBOOK
040 _aCRL
040 _beng
040 _cCRL
041 _2eng
041 _aeng
084 _qCRL
100 _aGeoff Bain; Mark Blaney
_91143476
245 0 _aManaging Safety in the Drone Industry
245 2 _bA Practical Guide
260 _bTaylor and Francis
260 _c2024
365 _a
365 _b160
856 _uhttp://www.taylorfrancis.com/books/9781032620220
942 _cEBOOK
999 _c1732748
_d1732748